5HLuxD.jpg

KING HENRY VIII SENIOR AND PRIMARY SCHOOL LIBRARY OPAC

The Wizard's Promise / (Record no. 971)

000 -LEADER
fixed length control field 00840cam a2200277za 4500
001 - CONTROL NUMBER
control field 021200245
003 - CONTROL NUMBER IDENTIFIER
control field UkOxU
005 - DATE AND TIME OF LATEST TRANSACTION
control field 20200122113658.0
007 - PHYSICAL DESCRIPTION FIXED FIELD--GENERAL INFORMATION
fixed length control field ta
008 - FIXED-LENGTH DATA ELEMENTS--GENERAL INFORMATION
fixed length control field 170517e201709uuxxk j |||||||0|f eng|d
020 ## - INTERNATIONAL STANDARD BOOK NUMBER
International Standard Book Number 9780995582149 (pbk.) :
020 ## - INTERNATIONAL STANDARD BOOK NUMBER
International Standard Book Number 0995582149 (pbk.) :
035 ## - SYSTEM CONTROL NUMBER
System control number (UK-WkNB)9780995582149
035 ## - SYSTEM CONTROL NUMBER
System control number (StEdALDL)1/3635957
040 ## - CATALOGING SOURCE
Original cataloging agency UK-WkNB
Language of cataloging eng
Transcribing agency UK-WkNB
049 ## - LOCAL HOLDINGS (OCLC)
Holding library CROBAR
082 04 - DEWEY DECIMAL CLASSIFICATION NUMBER
Classification number FIC MCN
100 1# - MAIN ENTRY--PERSONAL NAME
Personal name McNish, Cliff.
Relator term author
245 14 - TITLE STATEMENT
Title The Wizard's Promise /
Statement of responsibility, etc. Cliff McNish; Illustrated by Geoff Taylor.
260 ## - PUBLICATION, DISTRIBUTION, ETC.
Place of publication, distribution, etc. London :
Name of publisher, distributor, etc. Doomspell Books :
-- [distributor] Gardners Books Ltd,
Date of publication, distribution, etc. 2017.
300 ## - PHYSICAL DESCRIPTION
Extent 256 p. ;
Other physical details map ;
Dimensions 20 cm.
366 ## - TRADE AVAILABILITY INFORMATION
Detailed date of publication 20170915
Availability status code IP 20180106
ISO country code GB
MARC country code xxk
Source of availability status code UK-WkNB
440 ## - SERIES STATEMENT/ADDED ENTRY--TITLE
Title Doomspell trilogy ;
Number of part/section of a work bk 3.
700 1# - ADDED ENTRY--PERSONAL NAME
Personal name Taylor, Geoff.
Relator term Illustrator.
942 ## - ADDED ENTRY ELEMENTS (KOHA)
Source of classification or shelving scheme
Koha item type Books - Fiction
Holdings
Withdrawn status Lost status Source of classification or shelving scheme Damaged status Not for loan Collection code Permanent Location Current Location Shelving location Date acquired Total Checkouts Full call number Barcode Date last seen Date last checked out Price effective from Koha item type
          Fiction KH8 Senior School Library KH8 Senior School Library Fiction 2020-01-22 2 FIC MCN 3KHSL000101716 2022-01-10 2021-12-08 2020-01-22 Books - Fiction

Powered By KH8 IT Dept